000 00584nam a22001937a 4500
003 OSt
005 20151104152003.0
008 151104b xxu||||| |||| 00| 0 eng d
020 _a9780273713753;
040 _cDDC;
082 _a688.45;
_bBLU,2008;
100 _aBlundel,Richard; Ippolito,Kate;
_95990
245 _aEffective Organisational Communication;
_bPerspectives, Principles & Practice;
260 _aEngland;
_bFT prentice Hall;
_c2008;
300 _axii,417p;
_bcol,ill;
_c40cm
504 _aIncludes index and References
650 _amarketing;
_9518
942 _2ddc
_cSLOAN
999 _c2422
_d2422